World encyclopedia of parliaments and legislatures /

Bibliographic Details
Corporate Authors: International Political Science Association. Research Committee of Legislative Specialists, Commonwealth Parliamentary Association
Other Authors: Kurian, George Thomas, Longley, Lawrence D., Melia, Thomas O.
Format: Book
Language:English
Published: Washington, D.C. : Congressional Quarterly, [1998]
Subjects:

MARC

Tag First Indicator Second Indicator Subfields
LEADER 00000cam a2200000 a 4500
001 in00001404745
005 20151020062107.0
008 970722s1998 dcub be 001 0 eng
010 |a  97030226  
020 |a 0871879875 (set : alk. paper) 
020 |a 1568023650 (v. 1 : alk. paper) 
020 |a 1568023669 (v. 2 : alk. paper) 
035 |a (OCoLC)37392847 
035 |9 AHP0713AM 
040 |a DLC  |c DLC  |d TXA  |d UtOrBLW 
049 |a TXAM 
050 0 0 |a JF511  |b .W67 1998 
082 0 0 |a 328/.03  |2 21 
245 0 0 |a World encyclopedia of parliaments and legislatures /  |c sponsored by Research Committee of Legislative Specialists, International Political Science Association and Commonwealth Parliamentary Association ; edited by George Thomas Kurian ; consulting editors, Lawrence D. Longley, Thomas O. Melia. 
264 1 |a Washington, D.C. :  |b Congressional Quarterly,  |c [1998] 
264 4 |c ©1998 
300 |a 2 volumes (xxxii, 878, 38 pages) :  |b maps ;  |c 29 cm. 
336 |a text  |b txt  |2 rdacontent 
337 |a unmediated  |b n  |2 rdamedia 
338 |a volume  |b nc  |2 rdacarrier 
504 |a Includes bibliographical references and index. 
650 0 |a Legislative bodies  |x Encyclopedias. 
650 0 |a Comparative government  |x Encyclopedias. 
700 1 |a Kurian, George Thomas. 
700 1 |a Longley, Lawrence D. 
700 1 |a Melia, Thomas O. 
710 2 |a International Political Science Association.  |b Research Committee of Legislative Specialists. 
710 2 |a Commonwealth Parliamentary Association. 
948 |a c:cer  |d 20031105 
999 |a MARS 
999 f f |s 6a4f8645-09fc-3ab2-90d9-9020e0062bde  |i 8f1959cd-6536-3f3c-9d73-7c06715b436a  |t 0 
952 f f |p ric  |a Texas A&M University  |b Rellis Campus  |c Joint Library Facility  |d Remote Storage  |t 0  |e JF511 .W67 1998  |h Library of Congress classification  |i unmediated -- volume  |k v.1  |m A14822563738 
998 f f |a JF511 .W67 1998  |s v.1-v.2  |t 0  |l Remote Storage